Actors who worked with Jay Roach - Statistics

General Stats
  • This quiz has been taken 14 times
  • The average score is 20 of 75
Answer Stats
Film(s) Answer % Correct
Austin Powers: International Man of Mystery, Austin Powers: The Spy Who Shagged Me, Austin Powers in Goldmember Mike Myers
100%
Meet the Parents, Meet the Fockers Ben Stiller
91%
Meet the Parents, Meet the Fockers Robert De Niro
91%
Bombshell Charlize Theron
82%
Meet the Fockers Dustin Hoffman
82%
Meet the Fockers Barbra Streisand
73%
Austin Powers in Goldmember Beyoncé
73%
Bombshell Margot Robbie
73%
Bombshell Nicole Kidman
73%
Austin Powers: International Man of Mystery, Austin Powers: The Spy Who Shagged Me, The Campaign Will Ferrell
73%
Trumbo Bryan Cranston
64%
Meet the Parents, Meet the Fockers Owen Wilson
64%
Dinner for Schmucks Steve Carell
64%
Austin Powers: International Man of Mystery, Austin Powers: The Spy Who Shagged Me Elizabeth Hurley
55%
Austin Powers in Goldmember Michael Caine
55%
Dinner for Schmucks Paul Rudd
55%
Austin Powers: International Man of Mystery, Austin Powers: The Spy Who Shagged Me, Austin Powers in Goldmember Seth Green
55%
Dinner for Schmucks, The Campaign Zach Galifianakis
55%
Trumbo Helen Mirren
45%
The Campaign, Bombshell John Lithgow
45%
Austin Powers: The Spy Who Shagged Me, Austin Powers in Goldmember Rob Lowe
45%
Austin Powers: International Man of Mystery, Austin Powers: The Spy Who Shagged Me Verne Troyer
45%
Meet the Parents, Meet the Fockers Blythe Danner
36%
Bombshell, The Roses Kate McKinnon
36%
Mystery, Alaska Russell Crowe
36%
Meet the Parents, Meet the Fockers Teri Polo
36%
Bombshell Allison Janney
27%
The Roses Benedict Cumberbatch
27%
Austin Powers: International Man of Mystery, Austin Powers: The Spy Who Shagged Me, Austin Powers in Goldmember Michael York
27%
Austin Powers: International Man of Mystery, Austin Powers: The Spy Who Shagged Me, Austin Powers in Goldmember Mindy Sterling
27%
Austin Powers: The Spy Who Shagged Me Woody Harrelson
27%
The Roses Andy Samberg
18%
Bombshell Connie Britton
18%
The Campaign Dan Aykroyd
18%
Trumbo Diane Lane
18%
Trumbo Elle Fanning
18%
The Campaign, Trumbo John Goodman
18%
Bombshell Malcolm McDowell
18%
Dinner for Schmucks Octavia Spencer
18%
The Roses Olivia Colman
18%
Trumbo Alan Tudyk
9%
Bombshell Alice Eve
9%
The Campaign Brian Cox
9%
Dinner for Schmucks Bruce Greenwood
9%
Mystery, Alaska Burt Reynolds
9%
Dinner for Schmucks Chris O'Dowd
9%
Austin Powers: International Man of Mystery, Austin Powers: The Spy Who Shagged Me, Austin Powers in Goldmember Clint Howard
9%
The Campaign Jason Sudeikis
9%
Dinner for Schmucks Jemaine Clement
9%
Austin Powers: The Spy Who Shagged Me Jennifer Coolidge
9%
Trumbo Michael Stuhlbarg
9%
Dinner for Schmucks Randall Park
9%
Austin Powers: The Spy Who Shagged Me Rebecca Romijn
9%
Austin Powers: The Spy Who Shagged Me Tim Robbins
9%
Austin Powers: International Man of Mystery Tom Arnold
9%
Dinner for Schmucks Alex Borstein
0%
Bombshell Ashley Greene
0%
Austin Powers: International Man of Mystery Carrie Fisher
0%
Mystery, Alaska Colm Meaney
0%
Dinner for Schmucks David Walliams
0%
Austin Powers in Goldmember Fred Savage
0%
Mystery, Alaska Hank Azaria
0%
Bombshell Holland Taylor
0%
Dinner for Schmucks Jeff Dunham
0%
Bombshell Jennifer Morrison
0%
The Campaign, Bombshell Josh Lawson
0%
Austin Powers: The Spy Who Shagged Me, Mystery, Alaska Kevin Durand
0%
Dinner for Schmucks Kristen Schaal
0%
Dinner for Schmucks Lucy Punch
0%
Mystery, Alaska Mary McCormack
0%
Austin Powers: International Man of Mystery Mimi Rogers
0%
Dinner for Schmucks, The Campaign, Bombshell P. J. Byrne
0%
Bombshell Richard Kind
0%
Dinner for Schmucks Ron Livingston
0%
Meet the Fockers Tim Blake Nelson
0%
No matching quizzes found
Score Distribution
Percent of People with Each Score
Percentile by Number Answered
Your Score History
You have not taken this quiz